[Event "Venezia Province-ch 83rd"]
[Site "Campalto"]
[Date "2024.02.04"]
[Round "4"]
[White "Ionata, Lorenzo"]
[Black "Amadardo, Matteo"]
[Result "0-1"]
[WhiteElo "1046"]
[BlackElo "1379"]
[PlyCount "110"]
[EventDate "2024.02.02"]
[EventType "swiss"]
[EventRounds "5"]
[EventCountry "ITA"]
[SourceTitle "EXT 2025"]
[Source "ChessBase"]
[SourceDate "2024.10.14"]
[SourceVersion "1"]
[SourceVersionDate "2024.10.14"]
[SourceQuality "1"]

1. e4 e6 2. d4 d5 3. Nc3 Nf6 4. e5 Nfd7 5. Nf3 c5 6. Bg5 Qb6 7. Na4 Qa5+ 8. Nc3 Nc6 9. a3 cxd4 10. Nxd4 Ndxe5 11. Bb5 Bd7 12. b4 Qb6 13. Be3 Qc7 14. f4 Nxd4 15. Qxd4 Ng4 16. 0-0-0 Rc8 17. Rde1 Qxc3 18. Bxd7+ Kxd7 19. Qxc3 Rxc3 20. Bxa7 Rxa3 21. Bd4 f6 22. c3 Bd6 23. Kb2 Rha8 24. Ra1 Rxa1 25. Rxa1 Rxa1 26. Kxa1 Bxf4 27. h3 Nh6 28. Bc5 Nf5 29. Ka2 Nd6 30. Kb3 e5 31. c4 Nxc4 32. b5 e4 33. Kc3 Be5+ 34. Kb4 b6 35. Bf2 e3 36. Be1 Nd2 37. g4 Ne4 38. h4 Bc3+ 39. Bxc3 Nxc3 40. Kxc3 d4+ 41. Kd3 g6 42. g5 f5 43. Ke2 f4 44. h5 Ke6 45. hxg6 hxg6 46. Kf3 d3 47. Kxf4 e2 48. Ke4 d2 49. Kf4 e1Q 50. Kg4 Qf1 51. Kh4 Qc4+ 52. Kg3 d1R 53. Kf3 Rd3+ 54. Ke2 Qc2+ 55. Ke1 Rd1# 0-1

[Event "Venice Province-ch 82nd"]
[Site "Mestre"]
[Date "2023.01.28"]
[Round "3.2"]
[White "Porta, Federico"]
[Black "Amadardo, Matteo"]
[Result "1-0"]
[WhiteElo "1750"]
[BlackElo "1376"]
[PlyCount "77"]
[EventDate "2023.01.27"]
[EventType "swiss"]
[EventRounds "5"]
[EventCountry "ITA"]
[SourceTitle "EXT 2024"]
[Source "ChessBase"]
[SourceDate "2023.10.10"]
[SourceVersion "1"]
[SourceVersionDate "2023.10.10"]
[SourceQuality "1"]

1. d4 Nf6 2. Bf4 g6 3. e3 Bg7 4. Be2 d6 5. Nf3 c5 6. c3 Qb6 7. Qb3 Be6 8. Qa3 Na6 9. h3 Rc8 10. Nbd2 cxd4 11. exd4 Nd5 12. Bg3 Ndc7 13. 0-0 0-0 14. Rfe1 Nd5 15. Bd3 Bh6 16. Rad1 Rfe8 17. Ne4 Nf4 18. Bf1 Bd5 19. Ned2 Qc6 20. c4 Bxf3 21. Nxf3 Nxh3+ 22. gxh3 Bg7 23. Qb3 h5 24. a3 Nb8 25. Qd3 Nd7 26. b3 Nf6 27. Bg2 Qd7 28. Ng5 Bh6 29. Ne4 d5 30. Nxf6+ exf6 31. Bxd5 Bg7 32. Bg2 f5 33. Bd5 b5 34. Be5 Bh6 35. Qg3 Kh7 36. h4 a6 37. a4 bxa4 38. bxa4 Qxa4 39. Bxf7 1-0

[Event "Veneto-ch qf 81st"]
[Site "Verona"]
[Date "2022.05.08"]
[Round "4.18"]
[White "Gregory, Matteo"]
[Black "Amadardo, Matteo"]
[Result "0-1"]
[WhiteElo "1329"]
[BlackElo "1504"]
[PlyCount "122"]
[EventDate "2022.05.06"]
[EventType "swiss"]
[EventRounds "5"]
[EventCountry "ITA"]
[SourceTitle "EXT 2024"]
[Source "ChessBase"]
[SourceDate "2023.10.10"]
[SourceVersion "1"]
[SourceVersionDate "2023.10.10"]
[SourceQuality "1"]

1. c4 c5 2. g3 g6 3. Bg2 Bg7 4. Nf3 e6 5. 0-0 Ne7 6. Nc3 0-0 7. d3 Nbc6 8. Bg5 a6 9. Rb1 Qc7 10. Qd2 Re8 11. Bh6 Bh8 12. Ne4 Ne5 13. Qg5 Nxf3+ 14. Bxf3 Qe5 15. Qxe5 Bxe5 16. Nxc5 Rb8 17. Rfd1 Nf5 18. Bc1 Nd4 19. Kg2 Nxf3 20. Kxf3 f5 21. d4 Bd6 22. Bf4 Bxf4 23. Kxf4 d6 24. Nd3 Bd7 25. c5 dxc5 26. Nxc5 Bb5 27. Rd2 b6 28. a4 bxc5 29. axb5 Rxb5 30. dxc5 Rxc5 31. Rd7 a5 32. Rbd1 Rc2 33. R1d2 Rxd2 34. Rxd2 Rb8 35. Ke5 Kf7 36. Rd7+ Ke8 37. Rxh7 Rxb2 38. Kxe6 Rb6+ 39. Ke5 Ra6 40. Rh8+ Kf7 41. Rb8 a4 42. Rb2 a3 43. Ra2 Ra5+ 44. Kf4 Kf6 45. h4 Ra4+ 46. Ke3 Ke5 47. f4+ Kd5 48. Kd3 Kc5 49. Kc3 Rc4+ 50. Kb3 Re4 51. Rc2+ Kd4 52. Rd2+ Kc5 53. Kxa3 Re3+ 54. Rd3 Rxd3+ 55. exd3 Kd4 56. Kb4 Kxd3 57. Kc5 Ke3 58. Kd5 Kf3 59. Ke5 Kxg3 60. Kf6 Kxh4 61. Kxg6 Kg4 0-1